Basic adolescent sexuality education for educators (programa SABE) / (Record no. 16040)
[ view plain ]
| 000 -LEADER | |
|---|---|
| fixed length control field | 00593nam a22001697a 4500 |
| 003 - CONTROL NUMBER IDENTIFIER | |
| control field | OSt |
| 005 - DATE AND TIME OF LATEST TRANSACTION | |
| control field | 20140310182804.0 |
| 008 - FIXED-LENGTH DATA ELEMENTS--GENERAL INFORMATION | |
| fixed length control field | 130214t xxu||||| |||| 00| 0 eng d |
| 050 ## - LIBRARY OF CONGRESS CALL NUMBER | |
| Classification number | HQ 35 |
| Item number | .M489 2008 |
| 100 ## - MAIN ENTRY--PERSONAL NAME | |
| Personal name | Medialdea, Concepcion |
| 245 ## - TITLE STATEMENT | |
| Title | Basic adolescent sexuality education for educators (programa SABE) / |
| Statement of responsibility, etc | Concepcion Medialdea, Ana Otte, Jose Perez Adan ; [translated by Celeste B. Baldonado]. |
| 260 ## - PUBLICATION, DISTRIBUTION, ETC. (IMPRINT) | |
| Place of publication, distribution, etc | Quezon City : |
| Name of publisher, distributor, etc | Philippine Heart Center, |
| Date of publication, distribution, etc | 2008. |
| 300 ## - PHYSICAL DESCRIPTION | |
| Extent | 256 p. : |
| Other physical details | ill. (some col.) ; |
| Dimensions | 23 cm. |
| 521 ## - TARGET AUDIENCE NOTE | |
| Target audience note | |
| 942 ## - ADDED ENTRY ELEMENTS (KOHA) | |
| Source of classification or shelving scheme | Library of Congress Classification |
| Koha item type | Books |
| Call number prefix | Foreign |
| Withdrawn status | Lost status | Source of classification or shelving scheme | Damaged status | Home library | Current library | Shelving location | Date acquired | Total Checkouts | Full call number | Barcode | Date last seen | Date checked out | Copy number | Price effective from | Koha item type |
|---|---|---|---|---|---|---|---|---|---|---|---|---|---|---|---|
| Library of Congress Classification | College Library | College Library | General Circulation Section | 02/14/2013 | 1 | HQ 35 .M489 2008 | C14939 | 02/26/2019 | 02/19/2019 | 1 | 02/14/2013 | Books |